Polymeric drugs and drug delivery systems /

Na minha lista:
Detalhes bibliográficos
Corporate Authors: American Chemical Society. Division of Polymer Chemistry, American Chemical Society. Meeting
Outros Autores: Dunn, Richard L., Ottenbrite, Raphael M.
Formato: Livro
Idioma:inglês
Publicado em: Washington, DC The Society 1991.
Colecção:ACS symposium series, 469
Assuntos:
Acesso em linha:View in OPAC
Tags: Adicionar Tag
Sem tags, seja o primeiro a adicionar uma tag!

MARC

LEADER 00000cam a2200000 a 4500
005 20260127134206.0
008 050512s1991 dcua b 101 0 eng
010 |a 91-023423 
020 |a 0841221057 
035 |a vtls008153356 
035 |a 4378827 
039 9 |y 200505120926  |z mschk03 
040 |a STUSCHK1  |b slo  |c STUSCHK1 
082 0 0 |a 615/.1  |2 20 
245 0 0 |a Polymeric drugs and drug delivery systems /  |c Richard L. Dunn, editor, Raphael M. Ottenbrite, editor ; developed from a symposium sponsored by the Division of Polymer Chemistry, Inc. at the 200th National Meeting of the American Chemical Society, Washington, D.C., August 26-31, 1990. 
260 |a Washington, DC  |b The Society  |c 1991. 
300 |a xii, 313 p.  |b ill.  |c 24 cm. 
440 0 |a ACS symposium series,  |x 0097-6156 ;  |v 469 
504 |a Includes bibliographical references and indexes. 
650 0 |a Polymeric drugs  |x Congresses. 
650 0 |a Polymeric drug delivery systems  |x Congresses. 
700 1 |a Dunn, Richard L. 
700 1 |a Ottenbrite, Raphael M. 
710 2 |a American Chemical Society.  |b Division of Polymer Chemistry 
710 2 |a American Chemical Society.  |b Meeting  |n (200. :  |d 1990 :  |c Washington, D.C.) 
906 |a 7  |b cbc  |c orignew  |d 1  |e ocip  |f 19  |g y-gencatlg 
910 |a SCHK95 
919 |a 0-8412-2105-7 
991 |b c-GenColl  |h RS201.P65  |i A44 1990  |p 00026875638  |t Copy 1  |w BOOKS 
999 |c 6293  |d 6293